[Event "FIDE Grand Swiss 2019"]
[Site "Douglas"]
[Date "21.10.2019"]
[Round "11.37"]
[White "Parligras, Mircea-Emilian"]
[Black "Bacrot, Etienne"]
[Result "1/2-1/2"]
[WhiteTitle "GM"]
[BlackTitle "GM"]
[WhiteElo "2629"]
[BlackElo "2671"]
[WhiteFideId "1204297"]
[BlackFideId "605506"]
[EventDate "2019.10.10"]

1. d4 d5 2. c4 e6 3. Nf3 Nf6 4. Nc3 Be7 5. Bf4 O-O 6. e3 b6 7. Bd3 Ba6 8. cxd5
Nxd5 9. Nxd5 Qxd5 10. O-O c5 11. Bxa6 Nxa6 12. dxc5 Qxd1 13. Rfxd1 Nxc5 14. Bd6
Bxd6 15. Rxd6 Rfd8 16. Rad1 Nb7 17. Rxd8+ Rxd8 18. Rxd8+ Nxd8 19. Kf1 Kf8 20.
Ke2 Ke7 21. Nd4 a6 22. Kd3 Kd6 23. e4 g6 24. b4 e5 25. Ne2 Nc6 26. a3 b5 27. Nc3
h5 28. h4 Nd4 29. Ne2 Nc6 30. Nc3 Nd4 1/2-1/2

[Event "FIDE Grand Swiss 2019"]
[Site "Douglas"]
[Date "21.10.2019"]
[Round "11.38"]
[White "Berkes, Ferenc"]
[Black "Volokitin, Andrei"]
[Result "1/2-1/2"]
[WhiteTitle "GM"]
[BlackTitle "GM"]
[WhiteElo "2667"]
[BlackElo "2627"]
[WhiteFideId "718572"]
[BlackFideId "14107090"]
[EventDate "2019.10.10"]

1. d4 Nf6 2. Nf3 d5 3. c4 e6 4. g3 Bb4+ 5. Bd2 Be7 6. Bg2 c6 7. Qc2 Nbd7 8. O-O
b6 9. cxd5 cxd5 10. Bf4 Bb7 11. Rc1 O-O 12. Qb3 Rc8 13. Rxc8 Qxc8 14. Nc3 Qa8
15. Nb5 a6 16. Bd6 Bxd6 17. Nxd6 Qb8 18. Nxb7 Qxb7 19. Rc1 Rc8 20. Rc2 Rc6 21.
e3 Qc8 22. Ne1 g5 23. Bf1 a5 24. Bb5 Rxc2 25. Qxc2 Qxc2 26. Nxc2 Kf8 27. h3 Ke7
28. Kf1 Ne4 29. Ke2 h6 30. g4 Ndf6 31. Bd3 Nd6 1/2-1/2

[Event "FIDE Grand Swiss 2019"]
[Site "Douglas"]
[Date "21.10.2019"]
[Round "11.39"]
[White "Shirov, Alexei"]
[Black "Van Foreest, Jorden"]
[Result "1/2-1/2"]
[WhiteTitle "GM"]
[BlackTitle "GM"]
[WhiteElo "2664"]
[BlackElo "2621"]
[WhiteFideId "2209390"]
[BlackFideId "1039784"]
[EventDate "2019.10.10"]

1. d4 d5 2. c4 c6 3. Nf3 Nf6 4. e3 Bf5 5. Nc3 e6 6. Nh4 Be4 7. f3 Bg6 8. Qb3 Qc7
9. Bd2 Be7 10. Nxg6 hxg6 11. g3 dxc4 12. Bxc4 a6 13. Be2 Nbd7 14. Rc1 e5 15. O-O
exd4 16. exd4 Qb6 17. Qxb6 Nxb6 18. Ne4 Nbd5 19. Rfe1 O-O 20. Bc4 Rfd8 21. Ba5
Re8 22. Nc3 Bd6 23. Rxe8+ Rxe8 24. Nxd5 Nxd5 25. Bxd5 cxd5 26. Kf2 f6 27. Rc3
Kf7 28. Bc7 Be7 29. Bb6 Bb4 30. Rc7+ Re7 31. Rc8 Re8 32. Rc7+ 1/2-1/2

[Event "FIDE Grand Swiss 2019"]
[Site "Douglas"]
[Date "21.10.2019"]
[Round "11.40"]
[White "Lu, Shanglei"]
[Black "Ganguly, Surya Shekhar"]
[Result "1/2-1/2"]
[WhiteTitle "GM"]
[BlackTitle "GM"]
[WhiteElo "2602"]
[BlackElo "2658"]
[WhiteFideId "8603332"]
[BlackFideId "5002150"]
[EventDate "2019.10.10"]

1. e4 e6 2. d4 d5 3. Nc3 Bb4 4. a3 Bxc3+ 5. bxc3 dxe4 6. Qg4 Nf6 7. Qxg7 Rg8 8.
Qh6 c5 9. Ne2 cxd4 10. Nxd4 a6 11. Bb2 e5 12. Nb3 Bf5 13. h3 Rg6 14. Qd2 Qxd2+
15. Nxd2 e3 16. fxe3 Bxc2 17. Rc1 Ba4 18. Nf3 Rg3 19. c4 Nbd7 20. Be2 O-O-O 21.
Nxe5 Nxe5 22. Bxe5 Rxe3 23. Bxf6 Rde8 24. O-O Rxe2 25. Rf2 R8e4 26. Bd4 Rxf2 27.
Bxf2 Bb3 28. c5 Ra4 29. Ra1 Kd7 30. Be3 Kc6 31. Kf2 h5 32. g3 Be6 33. h4 Bb3 34.
Ke2 Bd5 35. Kd3 Rg4 36. Bf4 Rg8 37. Rb1 Kxc5 38. Rc1+ Kb5 39. Kd4 Bf3 40. Rc5+
Ka4 41. Rc4+ Ka5 42. Rb4 Rg6 43. Bd2 Bg4 44. Kd5 Bf3+ 45. Ke5 Re6+ 46. Kf4 Bg4
47. Rxb7+ Ka4 1/2-1/2

[Event "FIDE Grand Swiss 2019"]
[Site "Douglas"]
[Date "21.10.2019"]
[Round "11.42"]
[White "Kasimdzhanov, Rustam"]
[Black "L'Ami, Erwin"]
[Result "1/2-1/2"]
[WhiteTitle "GM"]
[BlackTitle "GM"]
[WhiteElo "2657"]
[BlackElo "2619"]
[WhiteFideId "14200244"]
[BlackFideId "1007998"]
[EventDate "2019.10.10"]

1. e4 e5 2. Nf3 Nc6 3. Bc4 Bc5 4. c3 Nf6 5. d3 d6 6. O-O h6 7. Re1 O-O 8. Nbd2
a6 9. a4 Re8 10. Nf1 Ba7 11. Ng3 Be6 12. Bxe6 Rxe6 13. b4 d5 14. Qc2 Qd7 15. Ba3
b5 16. Bb2 Rd8 17. h3 Bb6 18. Nf5 Ree8 19. Rad1 Qe6 20. Ng3 dxe4 21. dxe4 Qc4
22. Rxd8 Rxd8 23. Rc1 Ne8 24. Nd2 Qd3 25. Qxd3 Rxd3 26. Nf3 Nd6 27. a5 Ba7 28.
Kf1 Nc4 29. Ba1 Ne7 30. Ke2 Rd8 31. Nf1 c5 32. N1d2 Nxd2 33. Nxd2 c4 34. Rc2 f5
35. Bb2 Kf7 36. exf5 Nxf5 37. Ne4 Ke6 38. Bc1 Rd5 39. Rd2 Ne7 40. Kf3 Ng8 41.
Rxd5 Kxd5 42. Be3 Bxe3 43. fxe3 Kc6 44. Nc5 Nf6 45. e4 h5 46. Nxa6 Nd7 47. h4
Kd6 48. Ke3 Kc6 49. Kd2 Kd6 50. Kc1 Kc6 51. Kc2 Nf8 52. Nc5 Kc7 53. Kd2 Kc6 54.
Ke3 g6 55. Kf3 Kc7 56. g4 Kc6 57. a6 Kb6 58. Nb7 Kxa6 59. Nd6 Kb6 60. Nf7 Nd7
61. Nh8 hxg4+ 62. Kxg4 Nf6+ 63. Kf3 Kc7 64. Nf7 Nd7 65. Ke3 Kc6 66. Kf2 Kc7 67.
Kf3 Kc6 68. Kg4 Nf6+ 69. Kg5 Nxe4+ 70. Kxg6 Nxc3 71. h5 Ne2 72. h6 c3 73. Nxe5+
Kd5 74. Ng4 Ke4 75. Nf2+ Kf3 76. Nd3 Ke3 77. Nc5 c2 78. Nb3 Kd3 79. h7 Kc3 80.
Nc1 Nxc1 81. h8=Q+ Kb3 82. Qg8+ Kxb4 83. Qc8 Kb3 84. Qe6+ Ka3 85. Qa6+ Kb2 86.
Qf6+ Kb1 87. Qc3 b4 88. Qxb4+ Nb3 89. Qxb3+ Ka1 90. Qxc2 1/2-1/2

[Event "FIDE Grand Swiss 2019"]
[Site "Douglas"]
[Date "21.10.2019"]
[Round "11.46"]
[White "Papaioannou, Ioannis"]
[Black "Safarli, Eltaj"]
[Result "1/2-1/2"]
[WhiteTitle "GM"]
[BlackTitle "GM"]
[WhiteElo "2645"]
[BlackElo "2593"]
[WhiteFideId "4201345"]
[BlackFideId "13402129"]
[EventDate "2019.10.10"]

1. e4 e5 2. Nf3 Nc6 3. Bb5 a6 4. Ba4 Nf6 5. O-O Be7 6. Re1 b5 7. Bb3 d6 8. c3
O-O 9. h3 Re8 10. d4 Bb7 11. Ng5 Rf8 12. Nf3 Re8 13. Ng5 Rf8 14. Nf3 Re8 15. Ng5 1/2-1/2

[Event "FIDE Grand Swiss 2019"]
[Site "Douglas"]
[Date "21.10.2019"]
[Round "11.47"]
[White "Riazantsev, Alexander"]
[Black "Puranik, Abhimanyu"]
[Result "1-0"]
[WhiteTitle "GM"]
[BlackTitle "GM"]
[WhiteElo "2645"]
[BlackElo "2571"]
[WhiteFideId "4125029"]
[BlackFideId "5061245"]
[EventDate "2019.10.10"]

1. d4 Nf6 2. c4 g6 3. Nc3 d5 4. cxd5 Nxd5 5. Bd2 Bg7 6. e4 Nb6 7. Be3 O-O 8. Bb5
Nc6 9. Nge2 Na5 10. b3 a6 11. Bd3 Nc6 12. Bc2 f5 13. exf5 Bxf5 14. Bxf5 Rxf5 15.
O-O Qd7 16. Qd2 Rd8 17. Rad1 Nd5 18. Nxd5 Qxd5 19. Qc2 Qf7 20. Rd2 Rfd5 21. Rfd1
R5d7 22. Qe4 Qf5 23. Qxf5 gxf5 24. Nf4 Bh6 25. d5 Bxf4 26. dxc6 Rxd2 27. Rxd2
Bd6 28. cxb7 Rb8 29. Rd5 e6 30. Ra5 Rxb7 31. f4 Rb4 32. g3 h5 33. Rxa6 h4 34.
Kf2 Kf7 35. Rc6 hxg3+ 36. hxg3 Rb8 37. Bd4 Ke7 38. Ke2 Kd7 39. Rc3 Rb4 40. Kd3
Rb8 41. Kc2 Ra8 42. a4 Ra5 43. Re3 Rd5 44. Kc3 Ra5 45. Kc4 Be7 46. Re2 Bd6 47.
Ra2 Kc6 48. b4 Ra8 49. b5+ 1-0

[Event "FIDE Grand Swiss 2019"]
[Site "Douglas"]
[Date "21.10.2019"]
[Round "11.48"]
[White "Sadhwani, Raunak"]
[Black "Chigaev, Maksim"]
[Result "1/2-1/2"]
[WhiteTitle "IM"]
[BlackTitle "GM"]
[WhiteElo "2479"]
[BlackElo "2644"]
[WhiteFideId "35093487"]
[BlackFideId "4108116"]
[EventDate "2019.10.10"]

1. Nf3 Nf6 2. c4 g6 3. Nc3 Bg7 4. e4 d6 5. d4 O-O 6. Be2 e5 7. O-O exd4 8. Nxd4
Re8 9. f3 c6 10. Kh1 Nbd7 11. Nc2 Nb6 12. Bg5 h6 13. Bh4 g5 14. Bf2 Be6 15. Nd4
d5 16. exd5 cxd5 17. c5 Nbd7 18. c6 bxc6 19. Nxc6 Qc7 20. Nxa7 Nh5 21. Nab5 Qb8
22. Bd4 Ne5 23. Re1 Nf4 24. Bf1 Bd7 25. a4 Ned3 26. Rxe8+ Bxe8 27. Bxd3 Bxd4 28.
Bh7+ Kxh7 29. Qc2+ Kg8 30. Nxd4 Qb4 31. Nf5 Bd7 32. Nxh6+ Kg7 33. Nxf7 Qe7 34.
Nxg5 Qxg5 35. Qd2 Rh8 36. g3 Ne6 37. Qxd5 Qxd5 38. Nxd5 Bc6 39. Nf4 Nxf4 40.
gxf4 Bxf3+ 41. Kg1 Kf6 42. Kf2 Ba8 43. Ke3 Rb8 44. Rb1 Rb4 45. b3 Re4+ 46. Kd2
Rxf4 47. Re1 Rh4 48. Re2 Bd5 49. Re3 Be4 50. Kc3 Ke5 51. h3 Rh8 52. Kb2 Kd4 53.
Rc3 Bd5 54. Rg3 Be6 55. Rc3 Bxh3 56. Rc4+ Kd5 57. Ka3 Be6 58. Rc3 Kd4 59. Rg3
Rb8 60. Rf3 Bd5 61. Rg3 Be4 62. Kb2 Rh8 63. Ka3 Bd3 64. Rg7 Rc8 65. Kb2 Be4 66.
Rd7+ Bd5 67. Rg7 Rf8 68. Rg3 Rf2+ 69. Ka3 Be4 70. Kb4 Rf8 71. Ka3 Bf3 72. Kb2
Bd5 1/2-1/2

[Event "FIDE Grand Swiss 2019"]
[Site "Douglas"]
[Date "21.10.2019"]
[Round "11.53"]
[White "Vocaturo, Daniele"]
[Black "Jones, Gawain C B"]
[Result "1/2-1/2"]
[WhiteTitle "GM"]
[BlackTitle "GM"]
[WhiteElo "2620"]
[BlackElo "2688"]
[WhiteFideId "813192"]
[BlackFideId "409561"]
[EventDate "2019.10.10"]

1. e4 e5 2. Nf3 Nc6 3. Bb5 Nf6 4. d3 Bc5 5. Bxc6 dxc6 6. O-O Qe7 7. Nbd2 Bg4 8.
Nc4 Nd7 9. h3 Bh5 10. a3 O-O-O 11. b4 Bd4 12. Rb1 f6 13. Ne3 Bxe3 14. fxe3 Bxf3
15. Qxf3 Nf8 16. Bd2 Ne6 17. Qe2 Rd6 18. Bc3 Qd7 19. Kh2 b6 20. a4 Kb7 21. Ra1
Rd8 22. Rfb1 a6 23. Qe1 b5 24. Ra3 Ng5 25. Raa1 Qe7 26. Qg3 Qe8 27. Rf1 R6d7 28.
Ra3 Qg6 29. Qf2 Rd6 30. Raa1 Ne6 31. Ra3 Re8 32. Qe2 Red8 33. Qf3 Ng5 34. Qe2
Qe8 35. Raa1 Qe6 36. Qf2 h5 37. Qe2 Rh8 38. Rf5 Qe7 39. Rff1 Ne6 40. Qf3 Ng5 41.
Qe2 Ne6 42. Qf3 Qe8 43. Qe2 Rf8 44. Rf5 Rh8 45. Rff1 Qg6 46. Rf5 h4 47. Kh1 Qe8
48. Qg4 Rh6 49. Kh2 g5 50. Rf2 Qe7 51. Kg1 Rd8 52. Rff1 Qd7 53. Ra3 Nf8 54. Kh2
Qxg4 55. hxg4 Nd7 56. Ba1 Nb6 57. a5 Nc8 58. Bb2 Nd6 59. Raa1 Kc8 60. Ba3 Kd7
61. Kh3 Ke6 62. Ra2 Nb7 63. Rc1 Rh7 64. Rb1 Rhd7 65. Raa1 Ra8 66. Ra2 Rdd8 67.
Rba1 Kf7 68. Kh2 Rd6 69. Rb1 Re6 70. Kh3 Rd8 71. Kh2 Kg6 72. Kg1 Rd7 73. Kh2
Red6 74. Rb3 Nd8 75. Kh3 Ne6 76. Rc3 Rd8 77. Rb2 Kf7 78. Rbb3 Ke8 79. Bb2 Kd7
80. Ba3 Ke8 1/2-1/2

[Event "FIDE Grand Swiss 2019"]
[Site "Douglas"]
[Date "21.10.2019"]
[Round "11.56"]
[White "Zvjaginsev, Vadim"]
[Black "Nihal, Sarin"]
[Result "1-0"]
[WhiteTitle "GM"]
[BlackTitle "GM"]
[WhiteElo "2644"]
[BlackElo "2610"]
[WhiteFideId "4113403"]
[BlackFideId "25092340"]
[EventDate "2019.10.10"]

1. e4 e5 2. Nf3 Nc6 3. g3 Nf6 4. d3 d5 5. exd5 Nxd5 6. Bg2 Bd6 7. Nc3 Nxc3 8.
bxc3 O-O 9. Nd2 Be6 10. O-O Qd7 11. Ne4 Be7 12. Be3 b6 13. Re1 f5 14. Ng5 Bd5
15. Nf3 f4 16. Bd2 fxg3 17. fxg3 Bc5+ 18. Be3 Qd6 19. Ng5 Bxe3+ 20. Rxe3 Bxg2
21. Kxg2 Rf5 22. Ne4 Qg6 23. Rf3 Raf8 24. Rxf5 Qxf5 25. Qe2 h6 26. Nd2 Qf7 27.
a4 Qd5+ 28. Qe4 Qxe4+ 29. Nxe4 Rd8 30. Kf2 Kf7 31. Ke2 Ke6 32. Rf1 a5 33. c4 Ne7
34. c3 Ng8 35. c5 Nf6 36. Nxf6 gxf6 37. cxb6 cxb6 38. Rb1 Rd6 39. g4 Rc6 40. c4
Rd6 41. Ke3 h5 42. gxh5 f5 43. Rg1 Rd4 44. Rg6+ Kf7 45. Rxb6 Rh4 46. h6 Rh3+ 47.
Kd2 Rxh2+ 48. Kc3 f4 49. h7 f3 50. Rb2 Rh3 51. Rf2 Ke6 52. Rxf3 Rxh7 53. Rf8 Rh3
54. Ra8 Kd7 55. Kd2 Rh4 56. Ke3 Kc6 57. Ra6+ Kb7 58. Rxa5 Rh3+ 59. Ke4 Rh4+ 60.
Kf5 Rh5+ 61. Kg4 1-0

[Event "FIDE Grand Swiss 2019"]
[Site "Douglas"]
[Date "21.10.2019"]
[Round "11.58"]
[White "Adly, Ahmed"]
[Black "Saduakassova, Dinara"]
[Result "0-1"]
[WhiteTitle "GM"]
[BlackTitle "IM"]
[WhiteElo "2636"]
[BlackElo "2481"]
[WhiteFideId "10601619"]
[BlackFideId "13700090"]
[EventDate "2019.10.10"]

1. c4 Nf6 2. Nc3 e6 3. Nf3 Bb4 4. Qc2 O-O 5. b3 d6 6. e3 e5 7. Bb2 Bxc3 8. Bxc3
c5 9. O-O-O Nc6 10. d4 exd4 11. exd4 Nb4 12. Bxb4 cxb4 13. h3 a5 14. Bd3 a4 15.
g4 g6 16. Qd2 axb3 17. axb3 Qa5 18. Rhe1 b5 19. Qb2 bxc4 20. bxc4 Ba6 21. Kb1 d5
22. Nd2 dxc4 23. Nxc4 Qc7 24. Ne3 Bxd3+ 25. Rxd3 Ne4 26. Nd5 Qc4 27. Rde3 Qxd5
28. Rxe4 b3 29. Re5 Qc4 30. R5e3 Rfb8 31. Rc1 Qd5 32. Rc5 Qh1+ 33. Rc1 Qd5 34.
Rc5 Qd6 35. Rxb3 Rxb3 36. Qxb3 Qxd4 37. Qc3 Qd1+ 38. Kb2 Qe2+ 39. Kc1 Qf1+ 40.
Kb2 Qxf2+ 41. Kb1 Qf1+ 42. Kb2 Qg2+ 43. Kc1 Qf1+ 44. Kb2 Rb8+ 45. Kc2 Qb1+ 46.
Kd2 Rd8+ 47. Ke3 Qf1 48. Ke4 Re8+ 49. Kd5 Qd1+ 50. Kc4 Re4+ 51. Kb5 Qa4+ 52. Kb6
Re6+ 53. Rc6 Qxc6+ 54. Qxc6 Rxc6+ 55. Kxc6 Kg7 56. Kd6 Kf6 57. h4 h6 58. Kd5 h5
59. Ke4 hxg4 60. Kf4 Kg7 61. Kxg4 Kh6 0-1

[Event "FIDE Grand Swiss 2019"]
[Site "Douglas"]
[Date "21.10.2019"]
[Round "11.59"]
[White "Bachmann, Axel"]
[Black "Munguntuul, Batkhuyag"]
[Result "1/2-1/2"]
[WhiteTitle "GM"]
[BlackTitle "IM"]
[WhiteElo "2629"]
[BlackElo "2421"]
[WhiteFideId "3700488"]
[BlackFideId "4900758"]
[EventDate "2019.10.10"]

1. Nf3 d5 2. e3 Nf6 3. c4 e6 4. b3 Bd6 5. Bb2 O-O 6. Nc3 Nbd7 7. Qc2 c6 8. Rg1
e5 9. cxd5 Nxd5 10. Ne4 Qe7 11. Nxd6 Qxd6 12. g4 Re8 13. a3 e4 14. Nd4 Ne5 15.
Qxe4 Nf6 16. Qg2 c5 17. Nf5 Qb6 18. Bxe5 Rxe5 19. Bc4 Bd7 20. Qf3 Rae8 21. Nxg7
Kxg7 22. g5 Nd5 23. Bxd5 Rf5 24. Qg2 Ree5 25. Bc4 Rxg5 26. Qxg5+ Rxg5 27. Rxg5+
Kf8 28. Ke2 Qh6 29. Rag1 Qxh2 30. R1g2 Qh1 31. Rg7 Be8 32. R2g5 Qh2 33. Rg8+ Ke7
34. Rxc5 b6 35. Rcg5 Qd6 36. f4 Bd7 37. Re5+ Kf6 38. Rd5 Qc6 39. Rh5 Bf5 40. a4
Qd7 41. Rhg5 Bg6 42. d3 Qh3 43. e4 Qh2+ 44. Ke3 Qh3+ 45. Kd4 Qf3 46. e5+ Ke7 47.
Bb5 Qxf4+ 48. Kd5 Qf3+ 49. Kd4 Qf4+ 50. Kd5 f6 51. exf6+ Kf7 52. Rg7+ Kxf6 53.
R5xg6+ hxg6 54. Rxa7 g5 55. Ra6 Qe3 56. Kc6 g4 57. Kb7 g3 58. Bc6 Ke7 59. Rxb6
Qf2 60. b4 g2 61. Bxg2 Qxg2+ 62. Ka7 Kd7 63. a5 Kc7 64. b5 Qf2 65. Ka8 Qxb6 66.
axb6+ Kxb6 67. d4 Kxb5 68. d5 Kc5 69. d6 Kxd6 1/2-1/2

[Event "FIDE Grand Swiss 2019"]
[Site "Douglas"]
[Date "21.10.2019"]
[Round "11.60"]
[White "Efimenko, Zahar"]
[Black "Iturrizaga Bonelli, Eduardo"]
[Result "1-0"]
[WhiteTitle "GM"]
[BlackTitle "GM"]
[WhiteElo "2604"]
[BlackElo "2629"]
[WhiteFideId "14107201"]
[BlackFideId "3901211"]
[EventDate "2019.10.10"]

1. e4 c6 2. d4 d5 3. Nc3 dxe4 4. Nxe4 Nf6 5. Nxf6+ exf6 6. c3 Bd6 7. Bd3 O-O 8.
Ne2 Re8 9. Qc2 h5 10. O-O h4 11. h3 Na6 12. Be3 Nc7 13. c4 Ne6 14. Rfe1 Bc7 15.
Rad1 Qd6 16. Nf4 g5 17. c5 Qd8 18. Nh5 Ng7 19. Qe2 Be6 20. Qf3 Nxh5 21. Qxh5 Kf8
22. Bxg5 fxg5 23. Qh6+ 1-0

[Event "FIDE Grand Swiss 2019"]
[Site "Douglas"]
[Date "21.10.2019"]
[Round "11.61"]
[White "Christiansen, Johan-Sebastian"]
[Black "Ponomariov, Ruslan"]
[Result "1/2-1/2"]
[WhiteTitle "GM"]
[BlackTitle "GM"]
[WhiteElo "2558"]
[BlackElo "2675"]
[WhiteFideId "1512668"]
[BlackFideId "14103320"]
[EventDate "2019.10.10"]

1. e4 e6 2. d4 d5 3. Nc3 Bb4 4. e5 b6 5. Qg4 Bf8 6. f4 Qd7 7. Qd1 h5 8. Nf3 Nh6
9. Be3 Be7 10. a4 Nf5 11. Bf2 Ba6 12. Bxa6 Nxa6 13. Qe2 Nb4 14. a5 Rc8 15. axb6
axb6 16. Ra7 Nc6 17. Ra2 Nb4 18. Ra7 Nc6 19. Ra2 Nb4 20. Ra7 Nc6 21. Ra2 Nb4 1/2-1/2

[Event "FIDE Grand Swiss 2019"]
[Site "Douglas"]
[Date "21.10.2019"]
[Round "11.62"]
[White "Shankland, Sam"]
[Black "Gavrilescu, David"]
[Result "1-0"]
[WhiteTitle "GM"]
[BlackTitle "IM"]
[WhiteElo "2705"]
[BlackElo "2451"]
[WhiteFideId "2004887"]
[BlackFideId "1227190"]
[EventDate "2019.10.10"]

1. c4 e6 2. Nc3 d5 3. d4 Bb4 4. a3 Bxc3+ 5. bxc3 Nf6 6. cxd5 exd5 7. e3 Bf5 8.
f3 Nc6 9. Ne2 h5 10. Ra2 Qd7 11. Nf4 Na5 12. Be2 O-O-O 13. O-O Qc6 14. Nd3 Bxd3
15. Bxd3 Rhe8 16. a4 a6 17. Re2 Nc4 18. Qb3 Nd6 19. Ba3 Re7 20. Rc1 Qe8 21. Kf2
Re6 22. Rb1 Qc6 23. Bxd6 Rexd6 24. Reb2 Qb6 25. Qxb6 cxb6 26. Rxb6 Rxb6 27. Rxb6
Kc7 28. Rb2 Nd7 29. e4 dxe4 30. fxe4 Nb6 31. a5 Nc8 32. e5 f6 33. Be4 b6 34.
exf6 Rf8 35. axb6+ Nxb6 36. Ra2 Rxf6+ 37. Ke2 Nd7 38. c4 Rd6 39. Ke3 Nf6 40. Bf3
g5 41. g3 g4 42. Bg2 Rb6 43. c5 Rb3+ 44. Kf4 Rb4 45. Rxa6 Rxd4+ 46. Ke3 1-0

[Event "FIDE Grand Swiss 2019"]
[Site "Douglas"]
[Date "21.10.2019"]
[Round "11.64"]
[White "Henderson de La Fuente, Lance"]
[Black "Cramling, Pia"]
[Result "1/2-1/2"]
[WhiteTitle "IM"]
[BlackTitle "GM"]
[WhiteElo "2494"]
[BlackElo "2462"]
[WhiteFideId "32096585"]
[BlackFideId "1700030"]
[EventDate "2019.10.10"]

1. e4 g6 2. d4 Bg7 3. Nc3 c6 4. Nf3 d5 5. h3 dxe4 6. Nxe4 Nf6 7. Nxf6+ exf6 8.
Be2 O-O 9. O-O Re8 10. c4 Nd7 11. Re1 f5 12. Be3 Nf6 13. Qc2 Be6 14. Rad1 Qc7
15. Qc1 Rad8 16. Bf4 Qa5 17. a3 Rc8 18. Be5 Qd8 19. b4 Bf8 20. Qb2 Ne4 21. Bf1
f6 22. Bh2 Bf7 23. d5 cxd5 24. c5 a6 25. Nd4 Bh6 26. f3 Ng5 27. Bg3 Ne6 28. Nxe6
Rxe6 29. Rxe6 Bxe6 30. Re1 Kf7 31. Bf2 Bf4 32. Bd4 Bb8 33. Qe2 Bd7 34. Qe3 Rc6
35. Qh6 Kg8 36. a4 Re6 37. Rxe6 Bxe6 38. Qe3 Kf7 39. Qh6 Kg8 40. f4 Bd7 41. b5
axb5 42. axb5 Qe7 43. Qh4 Be8 44. Qf2 Qe4 45. g3 g5 46. Bg2 Qe6 47. b6 Bc6 48.
Qe3 Kf7 49. Kf2 gxf4 50. gxf4 Qxe3+ 51. Kxe3 Ke6 52. Bf1 Ba4 53. Bd3 Bb3 54. Bc3
Ba4 55. Bd2 Bd1 56. Bb5 Bh5 57. Kd4 Bf3 58. h4 Be4 59. h5 h6 60. Be8 Ke7 61. Bg6
Ke6 62. Bc1 Ke7 63. Bd2 Ke6 64. Bh7 Kf7 65. Bc1 Kf8 66. Be3 Kf7 67. Kc3 Kf8 68.
Bg6 Ke7 69. Kd4 Kf8 70. Bd2 Ke7 71. Bc1 Ke6 72. Be8 Ke7 73. Ba4 Ke6 74. c6 bxc6
75. Bxc6 Kd6 76. Be8 Ke7 77. Bb5 Ke6 78. Be8 Ke7 79. Ba4 Ke6 80. Kc5 Bd6+ 81.
Kd4 Bf3 82. Be8 Bb8 83. Kc5 Bd6+ 84. Kb5 Be4 85. b7 1/2-1/2

[Event "FIDE Grand Swiss 2019"]
[Site "Douglas"]
[Date "21.10.2019"]
[Round "11.65"]
[White "Soumya, Swaminathan"]
[Black "Stefanova, Antoaneta"]
[Result "1/2-1/2"]
[WhiteTitle "WGM"]
[BlackTitle "GM"]
[WhiteElo "2365"]
[BlackElo "2479"]
[WhiteFideId "5016193"]
[BlackFideId "2902257"]
[EventDate "2019.10.10"]

1. d4 Nf6 2. c4 g6 3. Nf3 Bg7 4. e3 O-O 5. Be2 c5 6. d5 e6 7. Nc3 exd5 8. cxd5
Re8 9. Nd2 d6 10. e4 Na6 11. O-O Nc7 12. a4 b6 13. Re1 Rb8 14. Rb1 Na6 15. Bb5
Re7 16. Bf1 Nb4 17. Nc4 Ba6 18. Bg5 Bxc4 19. Bxc4 h6 20. Bh4 Re8 21. Bb5 Rf8 22.
f4 a6 23. Bc4 Qc7 24. e5 Nh5 25. Qd2 dxe5 26. d6 Qd7 27. fxe5 Rbe8 28. Rbd1 Nc6
29. Bxa6 Rxe5 30. Bb5 Rxe1+ 31. Rxe1 Bd4+ 32. Kh1 Qxd6 33. Ne4 Qd5 34. Qxh6 Bg7
35. Qc1 Ne5 36. Nc3 Qd4 37. Re4 Qd6 38. Qd1 Qxd1+ 39. Nxd1 f5 40. Re1 Nf4 41.
Nf2 Kf7 42. Bg3 g5 43. Nh3 Nxh3 44. Bxe5 Bxe5 45. Rxe5 Kf6 46. Rd5 Nf2+ 47. Kg1
Ne4 48. h3 g4 49. hxg4 fxg4 50. Bd3 Re8 51. a5 bxa5 52. Bxe4 Rxe4 53. Rxc5 g3
54. Kf1 a4 55. Rc3 Rf4+ 56. Ke1 Rb4 57. Rxg3 Rxb2 58. Ra3 1/2-1/2

[Event "FIDE Grand Swiss 2019"]
[Site "Douglas"]
[Date "21.10.2019"]
[Round "11.66"]
[White "Arkell, Keith C"]
[Black "Movsziszian, Karen"]
[Result "1/2-1/2"]
[WhiteTitle "GM"]
[BlackTitle "GM"]
[WhiteElo "2447"]
[BlackElo "2475"]
[WhiteFideId "400270"]
[BlackFideId "13301152"]
[EventDate "2019.10.10"]

1. Nf3 g6 2. c4 Bg7 3. Nc3 d6 4. d4 Nf6 5. g3 O-O 6. Bg2 Nbd7 7. O-O e5 8. e4
exd4 9. Nxd4 Re8 10. h3 a6 11. Rb1 Rb8 12. b3 c5 13. Nde2 b5 14. cxb5 axb5 15.
b4 Bb7 16. Bf4 Nxe4 17. Nxe4 Bxe4 18. Bxe4 Rxe4 19. Bxd6 Rc8 20. bxc5 Nxc5 21.
Bxc5 Qxd1 22. Rfxd1 Rxe2 23. Rd5 Rxa2 24. Rxb5 Rc2 25. Be3 h5 26. h4 R2c7 27.
Rbc5 Rxc5 28. Rxc5 Rxc5 29. Bxc5 Bf6 30. Kg2 Be5 1/2-1/2

[Event "FIDE Grand Swiss 2019"]
[Site "Douglas"]
[Date "21.10.2019"]
[Round "11.67"]
[White "Danielian, Elina"]
[Black "Lei, Tingjie"]
[Result "0-1"]
[WhiteTitle "GM"]
[BlackTitle "GM"]
[WhiteElo "2385"]
[BlackElo "2469"]
[WhiteFideId "13300210"]
[BlackFideId "8605114"]
[EventDate "2019.10.10"]

1. d4 Nf6 2. c4 e6 3. Nc3 Bb4 4. e3 d5 5. Nf3 O-O 6. Bd3 c5 7. O-O cxd4 8. exd4
dxc4 9. Bxc4 b6 10. Bg5 Bb7 11. Rc1 Nbd7 12. Bd3 Rc8 13. Bb1 Be7 14. Qd3 g6 15.
h4 a6 16. a4 b5 17. axb5 axb5 18. b4 Nb6 19. Ba2 Ra8 20. Qe2 Nfd5 21. Bxd5 Nxd5
22. Bh6 Re8 23. h5 Nxc3 24. Rxc3 Bxf3 25. Rxf3 Qxd4 26. Rd1 Ra1 27. Rd3 Rxd1+
28. Rxd1 Qc4 29. Qb2 f6 30. hxg6 hxg6 31. Bd2 Kf7 32. Rc1 Qd5 33. Be3 Rh8 34.
Qe2 Qe5 35. Qf3 Rh4 36. Qb7 Qd5 37. Qxd5 exd5 38. f4 Bxb4 39. Rb1 Bc3 40. Rxb5
d4 41. Bc1 Ke6 42. Kf2 Rh1 43. f5+ gxf5 44. Bf4 d3 45. Rb6+ Kd5 46. Rd6+ Ke4 47.
g3 Rh2+ 48. Kg1 Ra2 49. Kf1 Be5 0-1

[Event "FIDE Grand Swiss 2019"]
[Site "Douglas"]
[Date "21.10.2019"]
[Round "11.68"]
[White "Rodshtein, Maxim"]
[Black "Houska, Jovanka"]
[Result "1-0"]
[WhiteTitle "GM"]
[BlackTitle "IM"]
[WhiteElo "2684"]
[BlackElo "2430"]
[WhiteFideId "2806851"]
[BlackFideId "405094"]
[EventDate "2019.10.10"]

1. e4 c6 2. d4 d5 3. e5 Bf5 4. Nf3 e6 5. Be2 Ne7 6. O-O h6 7. Nbd2 Nd7 8. Nb3
Qc7 9. Bd2 Nc8 10. a4 Be7 11. a5 a6 12. Rc1 Na7 13. c4 dxc4 14. Bxc4 O-O 15. Qe2
Rfd8 16. h3 Nf8 17. Be3 Rd7 18. Rfd1 Qd8 19. Ne1 Nb5 20. Nd3 Qc7 21. Ndc5 Rdd8
22. f4 Nd7 23. Na4 Bb4 24. Bd2 Bxd2 25. Rxd2 Nf8 26. Nb6 Rab8 27. g4 Bh7 28.
Bxb5 axb5 29. d5 exd5 30. Nxd5 Rxd5 31. Rxd5 Ne6 32. Qe3 Be4 33. Rd6 Bh7 34. f5
Nf8 35. Rcd1 Re8 36. Kg2 Qe7 37. Nc5 h5 38. Kg3 b4 39. Rd7 h4+ 40. Kf3 Qxe5 41.
Qxe5 Rxe5 42. Rxb7 Rxc5 43. a6 1-0